“The Christmas Song” Lyrics - Statistics

General Stats
  • This quiz has been taken 128 times
    116 since last reset
  • The average score is 70 of 95
Answer Stats
Lyric % Correct
a
97%
an
97%
{you}!
95%
Christmas
94%
on
94%
to
94%
the
92%
at
91%
your
91%
Chestnuts
90%
{fire},
90%
open
90%
roasting
90%
Frost
87%
Jack
87%
Merry
87%
nipping
86%
{nose}.
86%
and
85%
And
85%
so
85%
{way}:
81%
it
80%
child
79%
know
79%
every
78%
of
78%
{sleigh}.
77%
up
77%
his
76%
like
76%
one
74%
They
74%
mother’s
73%
all
72%
by
72%
dressed
72%
I’m
72%
reindeer
72%
this
72%
{Eskimos}.
71%
from
71%
how
71%
it’s
71%
lots
71%
Santa’s
71%
that
71%
with
71%
many
70%
their
70%
will
70%
eyes
69%
if
69%
is
69%
kids
69%
some
69%
{times},
69%
{tonight}.
69%
{ways}:
69%
been
67%
choir
67%
{fly}.
67%
folks
67%
knows
67%
offering
67%
said
67%
see
67%
sleep
67%
Tiny
67%
tots
67%
toys
67%
aglow
66%
being
66%
{bright}.
66%
make
66%
mistletoe
66%
really
66%
simple
66%
sung
66%
carols
65%
Everybody
65%
goodies
65%
he’s
65%
find
64%
hard
64%
season
64%
Yuletide
64%
{ninety-two} …
63%
turkey
63%
help
62%
Although
60%
phrase
60%
gonna
56%
spy
47%
loaded
45%
No matching quizzes found
Score Distribution
Percent of People with Each Score
Percentile by Number Answered
Your Score History
You have not taken this quiz since the last reset